[Event "World Cup"]
[Site "Khanty-Mansiysk"]
[Date "2009.11.22"]
[Round "1.2"]
[White "Sjugirov, Sanan"]
[Black "Fressinet, Laurent"]
[Result "0-1"]
[WhiteElo "2612"]
[BlackElo "2653"]
[Annotator "Kritz,L"]
[PlyCount "109"]
[EventDate "2009.11.21"]
[EventType "k.o."]
[EventRounds "7"]
[EventCountry "RUS"]
[SourceTitle "CBM 134"]
[Source "ChessBase"]
[SourceDate "2010.01.18"]
[SourceVersion "1"]
[SourceVersionDate "2010.01.18"]
[SourceQuality "1"]

1. e4 e5 2. Nf3 Nc6 3. Bb5 Nf6 4. O-O Nxe4 5. d4 Nd6 6. Bxc6 dxc6 7. dxe5 Nf5
8. Qxd8+ Kxd8 9. Nc3 Ke8 10. Ne2 {Ich denke nicht, dass der Springerzug zum
Vorteil führen kann. Es ist einfach zu langsam.} (10. h3 Be7 11. g4 Nh4 12.
Nxh4 Bxh4 13. Kg2 h5 14. f3 Be6 ({Eine andere Verteidigungsmethode ist} 14...
a5 {, um die weißen Bauern zu zwingen, weiße Felder einzunehmen.} 15. a4 b6 16.
Rd1 Be7 17. Ne2 Bd7 18. Bf4 c5 19. Bg3 Rd8 20. c4 Bc8 21. b3 Rxd1 22. Rxd1 hxg4
23. hxg4 Bd8 $14 {Kotronias - Kritz (Port Erin, 2007). Weiß hat einen
symbolischen Vorteil und Schwarz muss die ganze Partie leiden, doch bei
korrekter Verteidigung kann man Remis halten. Es ist jedoch zu empfehlen, wie
Wang Yue gegen Adams zu spielen - dort ist es einfacher, das Remis zu
erreichen.}) 15. Be3 Be7 $11 {Adams - Wang Yue (Dresden, 2008)}) 10... Ne7 {
Schwarz spielt gegen die weiße Idee - Überführung des Springers nach f4.} 11.
h3 (11. Nf4 Ng6 $11) 11... Ng6 ({Eine alternative Spielweise ist} 11... a5 12.
Re1 Nd5 13. Bd2 h6 14. Nfd4 a4 15. e6 fxe6 16. Nxe6 Bxe6 17. Nd4 Kf7 18. Nxe6
a3 19. bxa3 Bxa3 $132 {Gashimov - Efimenko (Poikovsky, 2009)}) 12. Re1 {
Dieser Turm soll auf e1 stehen, das Feld d1 bleibt frei für den anderen Turm.}
(12. Rd1 Be6 13. Ned4 Bd5 14. h4 Bc5 15. h5 Ne7 16. b3 Rd8 17. Bg5 h6 18. Bh4
Rd7 19. c4 Bxf3 20. Nxf3 Nf5 $11 {und Schwarz glich aus in Deep Junior -
Gelfand (Tel Aviv, 1999)}) 12... c5 $1 {Die richtige Strategie. Man muss das
Feld e6 für den Läufer sichern, deswegen nimmt man den weißen Springern das
Feld d4 weg.} 13. Nc3 h6 $1 {Die gleiche Idee wieder - das Feld g5 wird unter
Kontrolle genommen. Schwarz hat überhaupt keine Schwierigkeiten - Weiß hat
viel Zeit für seine Springermanöver verloren.} (13... Be6 $6 14. Ng5 $14) 14.
Be3 Be6 15. Rad1 Rd8 $1 {Es ist immer gut, ein Paar Türme zu tauschen, um die
eventuelle Verdoppelung der weißen Türme auf der d-Linie zu verhindern.} 16.
Nb5 $2 {In den ersten 16 Zügen hat Weiß viermal denselben Springer gezogen,
ohne irgendeinen Nutzen daraus zu ziehen.} (16. Kh2 $5 {- die beste Chance für
Weiß ist es, sein Spiel am Königsflügel zu beginnen.} Be7 17. g4 $11) 16... Rd7
17. a4 {Der Bauer a7 ist unantastbar.} (17. Nxa7 $2 c6 $19 {Der Springer kommt
in dieser Partie sicherlich nicht mehr zurück.}) 17... a6 18. Nc3 a5 $1 {
Es ist nicht schlimm, dass das Feld b5 geschwächt wird, viel wichtiger ist es,
weiße Bauern auf weißen Feldern zu fixieren.} (18... Kd8 $6 19. a5 $14) 19. Nb5
Be7 $15 {Ich finde, die schwarze Stellung ist einfach besser. Weiß hat
überhaupt keinen aktiven Plan, seine Figuren sehen zwar gut aus, machen aber
eigentlich so gut wie gar nichts.} 20. Rd2 b6 21. Red1 Bd8 $1 {Stärker als Kd8.
} (21... Kd8 22. Na7 Rxd2 23. Rxd2+ Ke8 24. Nc6 $11) 22. Rxd7 Bxd7 23. Rd2 $2 {
Schwer zu verstehen, was will Weiß da eigentlich?} (23. b3 $5 Bc6 24. Nd2 Nxe5
$6 25. Bxc5 bxc5 26. Re1 f6 27. f4 Kf7 28. fxe5 f5 29. e6+ Kf6 30. Nc3 (30. Nc4
Bd5 31. Nxa5 c6 $19) 30... Re8 31. Nc4 $13) 23... Bc6 $1 24. Nh2 {Das Feld d2
steht dem Springer nicht mehr zur Verfügung.} Nxe5 25. Re2 (25. Bxc5 Nc4 $5 (
25... bxc5 26. Re2 f6 27. f4 Kf7 28. fxe5 Re8 29. Nf3 Bxf3 30. gxf3 fxe5 31.
Kf2 $15 {Weiß behält Remischancen, weil die schwarze Bauernstruktur schlecht
ist.}) 26. Re2+ Kd7 27. Bd4 f6 28. b3 Nd6 $15) 25... Bxb5 (25... f6 $5 26. Bxc5
Kf7 27. Be3 Re8 $15) 26. axb5 Kd7 27. Bxc5 (27. Bxh6 $2 Rxh6 28. Rxe5 Bf6 29.
Rf5 Ke6 30. Rf4 Bxb2 $19) 27... Re8 28. Rd2+ (28. Bd4 $4 Nf3+ $19) (28. Be3 Nc4
29. b3 Nxe3 30. Rxe3 Rxe3 31. fxe3 Kd6 $19) 28... Kc8 29. Bd4 Bf6 30. b3 Rd8 $6
{Der schwarze Vorteil wird nun minimal.} ({Sehr unangenehm war} 30... Bg5 $5
31. Rd1 Rd8 32. Kf1 c5 33. bxc6 Nxc6 34. Nf3 Bf6 $17) 31. Be3 Rxd2 32. Bxd2 c6
$1 {Die einzige Chance auf Gewinn zu spielen, ist es, einen entfernten
Freibauer zu organisieren.} 33. f4 Nd7 34. bxc6 Nb8 35. Be3 $4 {Es ist wohl
der schlechteste Zug, den man machen konnte. Die schwarze Idee ist b5-a4, Weiß
hilft ihm dabei! Viel besser wäre c4 oder Kf2.} (35. c4 Nxc6 36. Nf3 Kd7 37.
Kf2 $11) (35. Kf2 Nxc6 36. Ng4 Bd4+ 37. Ke2 $11 {Wenn der weiße König im
Zentrum ist, kann er die Bildung des schwarzen Freibauern effektiv stören.})
35... b5 $17 36. Ng4 Bb2 {Weiß ist nun machtlos - er kann den schwarzen Bauern
nicht mehr aufhalten und muss eine Figur dafür geben.} 37. Ne5 a4 38. bxa4 bxa4
39. Nxf7 (39. Bc5 a3 40. Bxa3 Bxa3 41. Nxf7 Nxc6 $19) 39... Nxc6 (39... Kc7 {
gewann ebenfalls} 40. Bc5 Nxc6 41. Kf1 a3 42. Bxa3 Bxa3 $19) 40. Nd6+ Kd7 41.
Nc4 a3 42. Nxa3 Bxa3 $19 {Der Rest ist nicht interessant, das Endspiel ist
verloren für Weiß.} 43. Kf2 Kd6 44. g4 Kd5 45. h4 Ke4 46. Bd2 Bc5+ 47. Kg2 Nd4
48. c4 Nf3 49. Bc3 Bd4 50. Bxd4 Nxd4 51. f5 Kf4 52. Kh3 h5 53. gxh5 Nxf5 54. c5
Ne7 55. Kg2 0-1

[Event "Dortmund SuperGM 40th"]
[Site "Dortmund"]
[Date "2012.07.15"]
[Round "3"]
[White "Karjakin, Sergey"]
[Black "Naiditsch, Arkadij"]
[Result "1/2-1/2"]
[WhiteElo "2779"]
[BlackElo "2700"]
[Annotator "Kritz,L"]
[PlyCount "118"]
[EventDate "2012.07.13"]
[EventType "tourn"]
[EventRounds "9"]
[EventCountry "GER"]
[EventCategory "19"]
[SourceTitle "CBM 150"]
[Source "ChessBase"]
[SourceDate "2012.09.14"]
[SourceVersion "1"]
[SourceVersionDate "2012.09.14"]
[SourceQuality "1"]

1. e4 e5 2. Nf3 Nc6 3. Bb5 Nf6 4. O-O Nxe4 5. d4 Nd6 6. Bxc6 dxc6 7. dxe5 Nf5
8. Qxd8+ Kxd8 9. Nc3 Ke8 10. h3 h5 11. Bf4 Be7 12. Rad1 Be6 13. Ng5 Rh6 {
Diese Variante wurde zuletzt oft gespielt, doch ich sehe kein Problem für
Schwarz nach dem einfachen 13...Bc4:} (13... Bc4 $1 14. Rfe1 Rd8 $1 15. Rxd8+ (
15. b3 Ba6 16. Rxd8+ {-> 15.Rxd8}) 15... Bxd8 16. b3 Ba6 17. e6 Bxg5 18. exf7+
Kxf7 19. Bxg5 Re8 $11) 14. g3 {Weiß hatte Vorteil auch nach 14.Nce4.} (14. Nce4
c5 15. Nxe6 Rxe6 16. Rfe1 Rd8 17. Rxd8+ Kxd8 18. c3 $14 {Alekseev - Ponomariov
(Saratov, 2011)}) 14... Bxg5 {Weiß hat Schwarz zu viel erlaubt, nun verläuft
die Partie forciert bis zu einem gleich stehenden Endspiel.} 15. Bxg5 Rg6 {
Der Turm muss selbstverständlich nach g6, denn sonst verliert der Zug ...Rh6
jeden Sinn.} 16. h4 (16. Bf4 Nh4 $1 {Schwarz erzwingt Zugwiederholung.} 17. Kh2
(17. Kh1 Nf3 18. Rd3 $2 (18. h4 $2 Bh3 $19) 18... Bc4 19. Rxf3 Bxf1 $19) 17...
Nf3+ 18. Kg2 Nh4+ 19. Kh2 Nf3+ $11) 16... f6 17. exf6 gxf6 18. Bf4 Nxh4 19. f3
{Das Nehmen auf c7 führt zu nichts.} (19. Bxc7 Bg4 20. Rd3 Nf3+ 21. Kg2 h4 22.
Ne4 Kf7 23. Nd6+ Kg8 $11) 19... Rd8 {Das ist wesentlich stärker als ...Rg7.} (
19... Rg7 20. Ne4 Kf7 21. Kf2 Nxf3 (21... Nf5 22. Bxc7 $14) 22. Kxf3 Bg4+ 23.
Kf2 Bxd1 24. Rxd1 $16 {Efimenko - Bacrot (Poikovsky, 2011)}) 20. Rxd8+ Kxd8 21.
Kf2 Nf5 22. Rh1 Ng7 23. b3 {Überraschenderweise ist erst dieser Zug eine
Neuerung. In einer früheren Partie wurde 23.Bd2 gespielt:} (23. Bd2 Bf5 24. Nd1
Bxc2 25. Ne3 Bd3 26. Ng2 Ne6 27. Rxh5 Rg7 28. Bc3 Ke7 29. Rh6 Rf7 $11 {Anand -
Nakamura (Sao Paulo/Bilbao, 2011)}) 23... Bf5 24. Nd1 Bd7 $1 {In dieser
Stellung kann Schwarz nicht auf c2 nehmen:} (24... Bxc2 25. Ne3 Bf5 (25... Bd3
26. Rd1 $18) 26. Ng2 $3 {Weiß will gar nicht den Bauern, sondern den Turm g6.}
Ne6 $2 27. Nh4 Nxf4 28. gxf4 $18) 25. c4 {Obwohl Schwarz einen Mehrbauern hat,
sind seine Figuren sehr passiv und die Schwäche des Bauern h5 kompensiert Weiß
für das geopferte Material.} Be8 26. Bd2 Nf5 27. Bf4 (27. Rxh5 Nxg3 28. Rh7 Nf5
$15 {Weiß soll gegen den Bauern h5 spielen, aber ihn nicht tauschen, sondern
versuchen, zu gewinnen.}) 27... Ng7 28. Ne3 {Zum einen will Weiß die Züge
nicht wiederholen, zum anderen geht die Partie nun in ein absolut remises
Endspiel über.} (28. Bd2 Nf5 $11) 28... Ne6 $1 {Einfachste Entscheidung.} 29.
Rxh5 Nxf4 (29... Rxg3 30. Rh8 Rg6 31. Bg3 Ng5 32. Bxc7+ Kxc7 33. Rxe8 Nh3+ 34.
Ke1 Kb6 35. Re7 a5 $11) 30. gxf4 Rg2+ $1 {Mit den Türmen auf dem Brett steht
Weiß besser, weil der schwarze Turm keine Einbruchsfelder hat, während der
weiße nach h8 oder h7 gehen kann.} 31. Kxg2 Bxh5 32. b4 {Weiß stellt alle
seine Bauern auf schwarze Felder, so dass der schwarze Läufer sie nicht mehr
angreifen kann.} Kd7 33. c5 Ke6 34. Kg3 b6 35. a3 f5 $11 {Beide Seiten haben
keine Einbruchsmöglichkeiten. Der weiße König kann nicht nach h4 gehen, weil
er an die Verteidigung des weißen Bauern f3 gebunden ist.} 36. Kf2 (36. Kh4
Bxf3 37. Kg5 Be4 38. Kg6 Bd3 39. Kg5 Be4 $11 {Schwarz kann auch nichts machen.}
) 36... Bg6 37. Ke2 Bh5 38. Kf2 Bg6 39. Kg2 Bf7 40. Kh3 Bh5 41. Kg3 Kf6 {
Schwarz ist nicht im Zugzwang und muss seinen Läufer nicht wegziehen.} 42. Nc2
Be8 43. Nd4 Bd7 44. Kf2 (44. Kh4 Kg6 45. Nb3 Be6 46. Nd4 Bd7 $11) 44... b5 45.
Kg3 Kg7 46. Kf2 Kf6 47. Ke3 Be8 48. Kd2 Bd7 49. Kc3 Be8 50. Kb2 Bd7 51. a4 a6
$1 (51... bxa4 $2 52. Ka3 Kg6 $2 53. Kxa4 Kh5 54. Ka5 Kh4 55. Ka6 Kg3 56. Kxa7
Kxf4 57. Kb7 Ke3 58. Kxc7 Kxd4 59. Kxd7 Ke3 60. Kxc6 Kxf3 61. b5 $18) 52. a5
Be8 53. Kc3 Bd7 54. Nc2 Be6 55. Ne1 Bc4 56. Nd3 Bxd3 57. Kxd3 Ke6 58. Kd4 Kf6
59. Kd3 Ke6 1/2-1/2

[Event "WchT 8th"]
[Site "Ningbo"]
[Date "2011.07.25"]
[Round "8.4"]
[White "Areshchenko, Alexander"]
[Black "Hess, Robert L"]
[Result "1-0"]
[WhiteElo "2682"]
[BlackElo "2609"]
[Annotator "Kritz,L"]
[PlyCount "101"]
[EventDate "2011.07.17"]
[EventType "team-tourn"]
[EventRounds "9"]
[EventCountry "CHN"]
[SourceTitle "CBM 144"]
[Source "ChessBase"]
[SourceDate "2011.09.16"]
[SourceVersion "1"]
[SourceVersionDate "2011.09.16"]
[SourceQuality "1"]
[WhiteTeam "Ukraine"]
[BlackTeam "US of America"]
[WhiteTeamCountry "UKR"]
[BlackTeamCountry "USA"]

1. e4 e5 2. Nf3 Nc6 3. Bb5 Nf6 4. O-O Nxe4 5. d4 Nd6 6. Bxc6 dxc6 7. dxe5 Nf5
8. Qxd8+ Kxd8 9. Nc3 h6 10. h3 (10. b3 {Die Idee dieses Zuges ist es, erst die
Zeit für h3 zu sparen und die Entwicklung zu vollenden.} Be6 (10... Bd7 11. Bb2
Kc8 12. Rad1 b6 13. Rd3 (13. Ne2 c5 14. c4 Bc6 $11 {Kasparov - Kramnik (London,
2000)}) 13... Ne7 14. Rfd1 {Weiss entwickelt nun unangenehme Initiative.} Bf5
15. Rd8+ Kb7 16. Rxa8 Kxa8 17. Nd4 Bg4 18. Nce2 c5 19. h3 Bc8 20. Nb5 Kb7 21.
Nf4 $36 {Bruzon Batista - Mitkov (Merida, 2008)}) 11. Bb2 a5 12. Rad1+ (12. h3
Bb4 13. g4 Bxc3 14. Bxc3 Ne7 15. Rad1+ Kc8 16. Nd4 Bd5 $11 {Bosiocic -
Svetushkin (Sarajevo, 2010)}) 12... Kc8 13. a4 b6 14. Ne2 Bd5 15. Nd2 g5 16. c4
Be6 17. h3 h5 18. Ne4 Be7 $132 {Yemelin - Krasenkow (Rijeka, 2010)}) (10. Rd1+
{Das Problem dieses Zuges ist, dass Weiß eigentlich den anderen Turm auf d1
stellen sollte.} Ke8 11. h3 a5 12. Bf4 Be6 13. g4 Ne7 14. Nd4 Nd5 15. Nce2 Bc5
16. Nxe6 fxe6 17. c4 Nb6 18. b3 a4 $132 {Kasparov - Kramnik (London, 2000)})
10... Be6 {Dieser Zug wird seltener gespielt als 10....Bd7. Sein größter
Nachteil ist, dass der Läufer nach g4-Nd4 angegriffen werden kann.} (10... Bd7
11. b3 (11. Bf4 $5 Kc8 12. Rad1 $1 (12. a3 $2 {ist einfach zu langsam.} b6 13.
Rad1 Ne7 14. Rfe1 c5 $132 {Motylev - Ponomariov (Motril, 2008). Schwarz plant
Bc6-Kb7 mit guter Stellung.}) 12... b6 13. Rd3 Be6 14. Rfd1 Kb7 15. b3 $14 {
und Schwarz hatte Probleme mit seiner Entwicklung in Anand - Topalov (Monte
Carlo 2005).}) 11... Kc8 12. Bb2 b6 13. Rad1 Ne7 {gilt als Hauptzug, eine gute
Alternative ist ...c5. Weiß hat nun mehrere Fortsetzungsmöglichkeiten.} 14.
Rfe1 (14. Rd2 {Sieht am logischsten aus, aber auch andere Ideen sind
interessant.} c5 15. Rfd1 Be6 16. Ne2 g5 $132 {Anand - Kramnik (Mainz, 2001)})
(14. Ne2 Ng6 15. Ng3 (15. Ne1 h5 16. Nd3 c5 17. c4 a5 18. a4 h4 $11 {Kasparov
- Kramnik (London, 2000)}) 15... Nf4 16. Nd4 a5 17. a4 b5 18. Kh2 bxa4 19. bxa4
Nd5 20. Rd3 Nb6 $132 {Shirov - Kramnik (Astana, 2001)}) (14. Nd4 $5 c5 15. Nde2
a5 16. Rd2 Nc6 17. Rfd1 Be6 18. Nf4 Bf5 19. g4 $1 $16 {Efimenko - Naiditsch 
(Subotica, 2008)}) 14... c5 15. Ne2 Ng6 $11 {Anand - Nakamura (London, 2010)})
11. Rd1+ {Das übliche 11.g4 sieht stärker aus.} (11. g4 $1 Ne7 12. Nd4 $1 Bd7
13. f4 (13. Ne4 Ng6 14. f4 h5 15. Ng5 $14 {Sebag - Vasilevich (Antakya, 2010)})
13... Nd5 14. Nxd5 cxd5 15. f5 c5 16. Nf3 $14 {Shirov - Vallejo Pons (Arvier,
2010)}) (11. b3 Kc8 12. Bb2 b6 13. Ne2 Bd5 14. Nfd4 Nxd4 15. Nxd4 Bc5 $11 {
Leitao - Valiente (Sao Paulo, 2004)}) 11... Kc8 12. b3 a5 {Ein neuer Zug, aber
er sieht nicht so gut aus.} (12... Bb4 13. Bb2 Bxc3 14. Bxc3 c5 $1 {um das
Feld d4 gleich unter Kontrolle zu nehmen, damit Weiß in Zukunft nicht g4-Nd4
spielen kann.} 15. g4 Ne7 16. Kg2 b6 17. Kg3 a5 $11 {Wang Pin - Gokhale 
(Calicut, 2003)}) 13. Bb2 Bb4 14. g4 $1 {Weiß setzt seine Hauptidee durch und
bekommt das Feld d4 für seinen Springer - Schwarz war einen Zug zu langsam.}
Bxc3 (14... Ne7 15. Nd4 Bxc3 16. Bxc3 {-> 14....Bxc3}) 15. Bxc3 Ne7 16. Nd4 $1
$14 c5 (16... Bd7 17. f4 c5 18. Nf3 $14 {Wie immer, wenn Weiss die Bauern am
Königsflügel aufrollen kann, ist seine Stellung besser.}) 17. Nxe6 fxe6 18. a4
{Um dem Gegner kein Gegenspiel mittels a4 zu erlauben.} (18. f4 $6 Rf8 $1 19.
Rf1 a4 $36 {Weiß kann nicht f5 spielen und Schwarz hat schon gutes Spiel
bekommen.}) 18... Rf8 19. Bd2 $6 {Es ist fraglich, ob das der richtige Plan
ist.} (19. Kg2 Ng6 20. Kg3 Nf4 21. Rd2 $14) 19... Nc6 20. Be3 $5 (20. Kg2 $1 b6
(20... Nxe5 21. Bc3 $16) 21. Bc3 $14) 20... b6 21. f4 Nb4 {Nun verliert Weiß
forciert Material - es droht das Nehmen auf c2 und ...Nd5.} 22. Rd2 Nd5 23.
Rxd5 $1 (23. Kf2 Nxf4 24. Bxf4 Rxf4+ 25. Ke3 g5 $17) 23... exd5 {Dieses
Endspiel hat Weiß angestrebt. Der Vormarsch der weißen Bauern am Königsflügel
ist kaum zu stoppen.} 24. f5 Kb7 {Es ist nicht so einfach für Schwarz, etwas
aus seinem materiellen Vorteil zu machen.} (24... h5 {sieht auf den ersten
Blick ganz gut aus, doch kommt Weiß nach} 25. e6 $1 {(vorgeschlagen von R.
Knaak) in Vorteil:} (25. Kg2 d4 26. Bf4 g6 $1 $17) 25... Rh8 (25... g6 26. Bh6
Re8 27. f6 $16) 26. Bf4 $1 hxg4 27. hxg4 Rh4 28. Kg2 Rxg4+ 29. Kf3 Rh4 30. Rg1
Rh7 31. Be5 $16) 25. e6 $1 Rae8 $2 {Schwarz hat den richtigen Weg verloren. Er
hätte sein Gegenspiel am Damenflügel organisieren müssen, denn wenn er einfach
abwartet, werden die weißen Bauern am Königsflügel sehr schnell gefährlich
werden.} (25... Kc6 $1 {Die beste Idee ist es, schnell ...b5 zu spielen.} 26.
Re1 b5 $1 27. axb5+ Kxb5 28. Bxh6 $1 (28. Bf4 Kc6 (28... c4 29. Bxc7 cxb3 30.
cxb3 $14) 29. Be5 Rg8 30. Kg2 d4 31. Kf3 Kd5 $1 {Der Bauer c7 spielt keine so
große Rolle - es ist wichtiger, die Figuren aktiv zu stellen.} 32. Bxc7 a4 33.
bxa4 Rxa4 {Außer dem Turm g8 spielen alle schwarzen Figuren aktiv mit.} 34. e7
Re8 35. Bd8 Rc4 $17) 28... gxh6 29. e7 Rfe8 30. f6 c4 $1 {Schwarz bekommt auch
Freibauern!} 31. f7 (31. bxc4+ $2 {ist eher schlecht, weil Schwarz den
entfernten a-Bauer bekommt.} Kxc4 32. f7 a4 $1 33. h4 a3 34. g5 hxg5 35. hxg5
a2 36. fxe8=Q (36. g6 Rxe7 $19) 36... Rxe8 37. Ra1 Rxe7 38. Rxa2 Rg7 $17) 31...
cxb3 32. cxb3 Kc5 $11 {/\Kd6. Dieses Endspiel sollte remis sein.}) 26. Re1 Kc6
27. Bf4 {Im Vergleich zu 25....Kc6 hat Schwarz zu viel Zeit verloren.} Re7 28.
Re5 Rb8 {Nun kehrt er doch zu der Idee b5 zurück - zu spät.} 29. h4 b5 ({
Auch passives Spiel hilft nicht:} 29... Rf8 30. Kg2 d4 31. Kf3 Ree8 32. g5 hxg5
33. hxg5 Kd6 34. Kg4 {und Weiß besitzt gute Gewinnchancen.}) 30. axb5+ Rxb5 31.
Kg2 Rb4 32. Kf3 {Jetzt droht g5-f6.} c4 33. bxc4 Rxc4 (33... a4 34. cxd5+ Kc5
35. d6+ Kxd6 36. Rb5+ Rxf4+ 37. Kxf4 $18) 34. g5 hxg5 35. hxg5 Rxf4+ (35... Kd6
36. Re1+ Rxf4+ (36... Kc6 37. f6 gxf6 38. gxf6 $18) 37. Kxf4 {->35....Rxf4}) (
35... a4 36. f6 gxf6 37. gxf6 Re8 38. e7 $18) 36. Kxf4 Kd6 37. Re1 (37. c4 $1 {
gewann sofort:} dxc4 (37... c6 38. c5+ Kxc5 39. f6 $18) 38. Re1 Re8 39. Rd1+
Kc6 40. Ke5 $18) 37... a4 38. Ra1 g6 39. Rxa4 gxf5 40. Kxf5 $18 {Schwarz kann
nicht auf e6 nehmen, daher ist die Stellung verloren.} Re8 (40... Rxe6 41. Ra6+
c6 42. Rxc6+ Kxc6 43. Kxe6 $18) 41. g6 Rf8+ 42. Kg5 Rg8 43. Ra6+ c6 44. e7 Kxe7
45. Rxc6 d4 46. Rc7+ Kd6 47. Rf7 Rc8 48. Rf2 Ke7 49. g7 Rc3 50. Kh4 Rc8 51. Kh5
1-0